000
00251nam a2200097Ia 4500
008
230915s9999 xx 000 0 und d
050
_a
PE 1128 .N49 2006
100
_a
Gathambi, Agnes
245
0
_a
New Integrated English Student's Book 2
942
_c
BK
999
_c
174134
_d
174134